FSS code : (Record no. 555)

000 -LEADER
fixed length control field 01837cam a2200253 a 4500
008 - FIXED-LENGTH DATA ELEMENTS--GENERAL INFORMATION
fixed length control field 080729s2007 enka 000 0 eng d
020 ## - INTERNATIONAL STANDARD BOOK NUMBER
International Standard Book Number 9789280114812
040 ## - CATALOGING SOURCE
Original cataloging agency IMU-KC
Language of cataloging eng
110 2# - MAIN ENTRY--CORPORATE NAME
Corporate name or jurisdiction name as entry element International Maritime Organization.
240 10 - UNIFORM TITLE
Uniform title <a href="International code for fire safety systems">International code for fire safety systems</a>
245 10 - TITLE STATEMENT
Title FSS code :
Remainder of title international code for fire safety systems /
250 ## - EDITION STATEMENT
Edition statement 2nd edition.
260 ## - PUBLICATION, DISTRIBUTION, ETC. (IMPRINT)
Place of publication, distribution, etc London :
Name of publisher, distributor, etc IMO,
Date of publication, distribution, etc 2007.
300 ## - PHYSICAL DESCRIPTION
Extent viii, 365 p. :
Other physical details ill. ;
Dimensions 24 cm.
500 ## - GENERAL NOTE
General note "FSS code was adopted by the Maritime Safety Committee (MSC) at its seventy-third session (December 2000) by resolution MSC.98(73) in order to provide international standards for the fire safety systems and equipment required by chapter II-2 of the 1974 SOLAS Convention ... The amendments are expected to enter into force on 1 July 2002."--P. iii.
General note Resolution MSC. 98(73).
General note "Sales number: IMO-155E."--T.p. verso.
505 0# - FORMATTED CONTENTS NOTE
Formatted contents note General -- International shore connections -- Personnel protection -- Fire extinguishers -- Fixed gas fire-extinguishing systems -- Fixed foam fire-extinguishing systems -- Fixed pressure water-spraying and water-mist fire-extinguishing systems -- Automatic sprinkler, fire detection and fire alarm systems -- Fixed fire detection and fire alarm systems -- Sample extraction smoke detection systems -- Low-location lighting systems -- Fixed emergency fire pumps -- Arrangement of means of escape -- Fixed deck foam systems -- Inert gas systems -- Fire safety standards and guidelines referred to in the code.
525 ## - SUPPLEMENT NOTE
Supplement note Kept up-to-date by supplements.
650 #0 - SUBJECT ADDED ENTRY--TOPICAL TERM
Topical term or geographic name as entry element Ships
General subdivision Safety regulations.
-- Ship Operations
710 2# - ADDED ENTRY--CORPORATE NAME
Corporate name or jurisdiction name as entry element International Maritime Organization.
856 41 - ELECTRONIC LOCATION AND ACCESS
Uniform Resource Identifier <a href="http://www.loc.gov/catdir/toc/fy14pdf01/2008380889.html">http://www.loc.gov/catdir/toc/fy14pdf01/2008380889.html</a>
942 ## - ADDED ENTRY ELEMENTS (KOHA)
Item type Books
Holdings
Withdrawn status Lost status Source of classification or shelving scheme Damaged status Not for loan Permanent location Current location Date acquired Total Checkouts Full call number Barcode Date last seen Date last borrowed Koha item type Source of acquisition Cost, normal purchase price Cost, replacement price
          IMU Kolkata IMU Kolkata 2019-10-22 1 623.865 I339 11614 2023-06-06 2023-01-27 Books      
          IMU Kolkata IMU Kolkata 2020-09-02       2020-09-02   Books 15 1625.00 1625.00
Designed and Maintained by IMU-KC Library, Kolkata Campus © Copyright All Rights Reserved

webs counters

Powered by Koha